000 00453nam a22001817a 4500
008 180816b xxu||||| |||| 00| | tur d
020 _a9789755704586
041 _atur
050 _aPL248.T455
100 _aTeoman, Ali
_91134
245 _aCafé Esperanza
250 _a1.Baskı
260 _aİstanbul
_bSel Yayıncılık
_cMayıs 2010
300 _a78 Sayfa
500 _aSel Yayıncılık
650 0 _9145
_aTürk Edebiyatı
942 _2lcc
_cBK
999 _c2383
_d2342